000 00574nam a2200205Ia 4500
005 20250923145829.0
008 008 250917s9999 xx 000 0 eng d
037 _aTextual
040 _aDSWL
_beng
_cDSWL
041 _aeng
_2eng
084 _aX:77.2, N89
_qDSWL
100 _aPrasad, P.H.
_9839373
245 0 _aLopsided growth: political economy of Indian development
_c by P.H. Prasad
260 _aDelhi
_bOxford
_c1989
300 _a125p.
365 _aINR
_b110.00
925 _g110.00
942 _cTEXL
_hX:77.2, N89
999 _c1456221
_d1456221